|
|
|
|
| LEADER |
01065nam a2200265 a 4500 |
| 001 |
11874215 |
| 008 |
100325r20031994nyua 001 0 eng d |
| 010 |
|
|
|a \\\99461998
|
| 020 |
|
|
|a 1840465794
|
| 020 |
|
|
|a 1874166056
|
| 040 |
|
|
|a DLC
|c DLC
|d DLC
|d BD-DhAAL
|
| 082 |
0 |
0 |
|a 150.19/54/092
|2 21
|
| 100 |
1 |
|
|a Hyde, Maggie,
|d 1952-
|
| 245 |
1 |
0 |
|a Introducing Jung /
|c Maggie Hyde and Michael McGuinness.
|
| 260 |
|
|
|a New York :
|b Totem Books ;
|a Lanham, Md. :
|b Distributed to the trade in the U.S. by National Bk. Network,
|c 2003 [reprinted].
|
| 300 |
|
|
|a 171 p. :
|b ill. ;
|c 21 cm.
|
| 504 |
|
|
|a Includes index.
|
| 541 |
1 |
|
|e 00014442
|
| 650 |
|
0 |
|a Psychoanalysis
|v Comic books, strips, etc.
|
| 600 |
1 |
0 |
|a Jung, C. G.
|q (Carl Gustav),
|d 1875-1961
|v Comic books, strips, etc.
|
| 700 |
1 |
|
|a McGuinness, Michael,
|d 1935-
|
| 852 |
4 |
|
|a Ayesha Abed Library
|j General Shelf
|
| 942 |
0 |
0 |
|0 1
|
| 999 |
|
|
|c 7871
|d 7871
|
| 952 |
|
|
|0 0
|1 0
|2 ddc
|4 0
|6 150_195409200000000_HYD_2003
|7 0
|9 8803
|a BRACUL
|b BRACUL
|c GEN
|d 2010-03-25
|l 13
|m 157
|o 150.1954092 HYD
|p 3010014442
|r 2026-02-17
|s 2025-12-04
|t 1
|w 2010-03-25
|y BK
|